| 000 | 00644nam a22002057a 4500 | ||
|---|---|---|---|
| 999 |
_c7747 _d7747 |
||
| 003 | AR-CdUCM | ||
| 008 | 190321b ||||| |||| 00| 0 spa d | ||
| 020 | _a84-7232-533-4 | ||
| 040 |
_aMUNICIPALIDAD PROVINCIAL DEL CUSCO _cBIBLIOTECA MUNICIPAL DEL CUSCO |
||
| 082 |
_a862 / _bM63 |
||
| 100 |
_aMiranda, José Luis _921893 |
||
| 245 | _aRamírez / | ||
| 260 |
_aMadrid : _bEdiciones de Cultura Hispánica, _bInstituto de Cooperación Iberoramericana, _c1990. |
||
| 300 |
_a127 páginas ; _c20 cm. |
||
| 500 | _aPremio Tirso de Molina.1988. | ||
| 650 |
_aTeatro español _9648 |
||
| 650 |
_aSiglo XX _98 |
||
| 942 |
_2ddc _cLIBROS |
||
| 945 | _azta | ||